Les stations de Bus & Tram d'Angers - Statistiques

Statistiques générales
  • Ce quiz a été pris 104 fois
  • Le résultat moyen est 70 sur 260
Statistiques - réponses
Lignes Stations % Correct
Ligne A | Ligne B Foch-Haras
77%
Ligne 1 | Ligne 2 | Ligne 3 | Ligne 4 Foch-Haras
72%
Ligne A | Ligne B Foch Maison-Bleue
72%
Ligne A | Ligne B Roseraie
72%
Ligne 1 | Ligne 2 | Ligne 3 | Ligne 4 Foch Maison-Bleue
69%
Ligne 2 | Ligne 4 | Ligne A | Ligne B Les Gares
69%
Ligne A | Ligne B Bamako
63%
Ligne B Ralliement
63%
Ligne B | Ligne C Patton
60%
Ligne 4 Centre commercial Molière
58%
Ligne B | Ligne C Molière
58%
Ligne A | Ligne B Strasbourg
58%
Ligne 1 Gare
57%
Ligne A | Ligne B La Fayette
57%
Ligne B | Ligne C Doutre
55%
Ligne B | Ligne C Le Quai
55%
Ligne 3 | Ligne A | Ligne C Saint-Serge Université
55%
Ligne C Monplaisir
54%
Ligne A Hôtel de Ville
52%
Ligne B | Ligne C La Barre
49%
Ligne 1 | Ligne 2 | Ligne 3 | Ligne 4 Foch Saint-Aubin
48%
Ligne A | Ligne B Jean Vilar
48%
Ligne 2 | Ligne B | Ligne C Belle-Beille Campus
46%
Ligne A Capucins
46%
Ligne A | Ligne B Jean XXIII
46%
Ligne 1 | Ligne 3 Lorraine
46%
Ligne 1 | Ligne 3 André Leroy
45%
Ligne A | Ligne C Centre de Congrès
45%
Ligne A CHU Hopital
45%
Ligne A Jean Moulin
45%
Ligne A Terra Botanica
45%
Ligne 2 | Ligne B | Ligne C Farcy
43%
Ligne A Verneau
43%
Ligne A Avrillé-Ardennes
42%
Ligne A Berges de Maine
42%
Ligne 4 Château
42%
Ligne C Conservatoire
42%
Ligne B | Ligne C Elysée
42%
Ligne B | Ligne C Beaussier
40%
Ligne 2 | Ligne C Montaigne
40%
Ligne C Europe
35%
Ligne 1 | Ligne 3 Paul Bert
35%
Ligne A Saint-Gilles
35%
Ligne A Acacias
34%
Ligne A Plateau Mayenne
34%
Ligne A Hauts de Saint-Aubin
32%
Ligne 1 Justices
32%
Ligne 1 Saumuroise
32%
Ligne A Bascule
31%
Ligne A Bois du Roy
31%
Ligne 1 Madeleine
31%
Ligne 1 Volney
31%
Ligne 1 Trélazé Cimetière
29%
Ligne 1 Trélazé Eglise
29%
Ligne 1 Trélazé Mairie
29%
Ligne 2 | Ligne 4 Académie
28%
Ligne 2 Mail
28%
Ligne C Allonneau-Dunant
26%
Ligne 4 | Ligne C Brisepotière
26%
Ligne 2 Haute Roche
26%
Ligne 2 Office de Tourisme
26%
Ligne 1 Quantinière
26%
Ligne 2 République
26%
Ligne 2 Saint-Jacques
26%
Ligne 2 Coeur de Maine
25%
Ligne 1 Delacroix
25%
Ligne C Deux-Croix
25%
Ligne 2 | Ligne 4 Gares Brémont
25%
Ligne 2 IUT
25%
Ligne 1 Michelet
25%
Ligne 3 | Ligne 4 Mendès France
23%
Ligne 2 Sainte-Croix
23%
Ligne 2 Beaurepaire
22%
Ligne 1 Bourgonnier
22%
Ligne 2 Chapelle Belle-Beille
22%
Ligne 1 Chouteau
22%
Ligne 1 Léo Lagrange
22%
Ligne 3 Cimetière de l'Ouest
20%
Ligne 2 Cité Universitaire
20%
Ligne 2 | Ligne 4 Gares Papin
20%
Ligne 2 Le Notre
20%
Ligne 4 Parc Expo
20%
Ligne 3 Soland
20%
Ligne 2 Trinité
20%
Ligne 2 Cimetière de l'Est
18%
Ligne 3 Descazeaux
18%
Ligne 3 ESA
18%
Ligne 2 Notre Dame du Lac
18%
Ligne 2 Polytech
18%
Ligne 2 Restau U
18%
Ligne 4 Route de Paris
18%
Ligne 2 Venaiserie
18%
Ligne 4 Banchais
17%
Ligne 3 Bichon
17%
Ligne 3 Loire
17%
Ligne 4 Lutin
17%
Ligne 2 Montprofit
17%
Ligne 2 Morel
17%
Ligne 1 Pyramide
17%
Ligne 4 Savary
17%
Ligne 2 Sécurité Sociale
17%
Ligne 3 Allard
15%
Ligne 1 Bellevue
15%
Ligne 2 Caserne
15%
Ligne 3 De Lattre
15%
Ligne 4 Desjardins
15%
Ligne 3 Dube
15%
Ligne 1 Eclateries
15%
Ligne 1 Fresnaies
15%
Ligne 4 Grand Maine
15%
Ligne 4 L'Hoirie
15%
Ligne 1 Marais
15%
Ligne 4 Provins
15%
Ligne 3 Rabelais
15%
Ligne 4 7 Sonnettes
14%
Ligne 2 Arceau
14%
Ligne 1 Arena Loire
14%
Ligne 3 Belle-Poule
14%
Ligne 2 Boisramé
14%
Ligne 3 Bosquet
14%
Ligne 3 La Rochefoucauld
14%
Ligne 1 Lefèvre
14%
Ligne 3 Louet
14%
Ligne 1 Ménard
14%
Ligne 3 Pomone
14%
Ligne 2 Promeniers
14%
Ligne 1 Val de Loire
14%
Ligne 2 AFPA
12%
Ligne 3 Authion
12%
Ligne 3 Barboterie
12%
Ligne 2 Bourg de Paille
12%
Ligne 1 Buisson
12%
Ligne 3 Château-Erigné
12%
Ligne 4 Châtenay
12%
Ligne 2 Croix de cheminée
12%
Ligne 3 Gendron
12%
Ligne 2 Jules Ferry
12%
Ligne 2 La Reux
12%
Ligne 1 Malaquais
12%
Ligne 1 Malraux
12%
Ligne 1 Mauriac
12%
Ligne 4 Mimosas
12%
Ligne 1 Monthibert
12%
Ligne 2 Morlière
12%
Ligne 2 Paperie
12%
Ligne 2 Pasteur
12%
Ligne 3 Patureaux
12%
Ligne 2 Rodin
12%
Ligne 3 Ruelles
12%
Ligne 4 Soleil Levant
12%
Ligne 3 Trois Paroisses
12%
Ligne 1 8 mai
11%
Ligne 2 Aubépine
11%
Ligne 2 Centre Equestre
11%
Ligne 3 Erigné
11%
Ligne 2 Fauvettes
11%
Ligne 2 Gemmetrie ESAIP
11%
Ligne 3 Grand Pressoir
11%
Ligne 2 INRAE
11%
Ligne 2 Jaudette
11%
Ligne 4 Maison du Lac
11%
Ligne 3 Meignanne
11%
Ligne 4 Monnet
11%
Ligne 2 Pinsons
11%
Ligne 3 Ponts-de-Cé Mairie
11%
Ligne 3 Sablons
11%
Ligne 2 Saint-Barthélémy Stade
11%
Ligne 3 Val d'Or
11%
Ligne 2 Verdun
11%
Ligne 2 Walcourt
11%
Ligne 4 Wigan
11%
Ligne 4 Aliénor d'Aquitaine
9%
Ligne 2 Corot
9%
Ligne 2 Gardot
9%
Ligne 2 Grand Pin
9%
Ligne 3 La Boissière
9%
Ligne 2 La Source
9%
Ligne 2 Le Landreau
9%
Ligne 4 Macé
9%
Ligne 3 Monnier
9%
Ligne 4 Pérussaie
9%
Ligne 2 Prieuré
9%
Ligne 2 Saint-Exupéry
9%
Ligne 4 Vallon
9%
Ligne 3 Beurrière
8%
Ligne 2 Cerfeuil
8%
Ligne 2 Cézanne
8%
Ligne 3 Delaune
8%
Ligne 4 Delescluze
8%
Ligne 2 Grand Périgné
8%
Ligne 3 Maréchal Lyautey
8%
Ligne 2 Pelerinière
8%
Ligne 3 Pôle Tassigny
8%
Ligne 4 Proudhon
8%
Ligne 3 Rêveries
8%
Ligne 4 Shakespeare
8%
Ligne 3 Avrillé Mairie
6%
Ligne 3 Brassens
6%
Ligne 3 Clemenceau
6%
Ligne 3 Clinique Saint-Didier
6%
Ligne 3 Grandmont
6%
Ligne 4 Grésillé
6%
Ligne 3 Hôtel Dieu
6%
Ligne 3 Maison de la danse
6%
Ligne 3 Maufinée
6%
Ligne 4 Montéclair
6%
Ligne 2 M.Vigne
6%
Ligne 3 Pièce du Moulin
6%
Ligne 3 Ternière
6%
Ligne 3 Basse Lande
5%
Ligne 3 Champs des martyrs
5%
Ligne 3 Avrillé Ardezières
3%
Ligne 2 Granges aux belles
3%
Ligne 3 Swalbach
3%
Ligne 2 Rairies
2%
Ligne 2 Vauragères
2%
Aucun quiz correspondant
Distribution des résultats
% des personnes avec chaque résultat
Percentile par nombre de réponses
Votre historique - résultats
Vous n’avez pas pris ce quiz